000 00590nam a2200229Ia 4500
003 OSt
005 20220928111742.0
006 a|||||r|||| 00| 0
007 ta
008 220927b |||||||| |||| 00| 0 eng d
024 _a59161
037 _cTextual
040 _aSDCL
_cSDCL
_beng
041 _2eng
_aeng
082 _aO152,3N5291,1, P6
100 _aUday Prakash
_9392770
245 0 _aMohan Das.
260 _aNew Delhi
_bVani Prakashan
_c2006
300 _a96p.
_ccm.
942 _hO152,3N5291,1, P6
_cTEXL
_2CC
999 _c741795
_d741795